| 000 | 00599nam a22002052 4500 | ||
|---|---|---|---|
| 001 | 0000012194 | ||
| 005 | 20151217152109.0 | ||
| 008 | 090213s xx 000 0 eng d | ||
| 020 | _a1871869080 : | ||
| 040 |
_aKABU _cKABU |
||
| 245 | 1 | 0 |
_aNations : _ba survey of the twentieth century / _cedited by Jack Spence. |
| 250 | _a1st ed. | ||
| 260 |
_aAbingdon, England : _bAndromeda, _c1992. |
||
| 300 | _a256 p. | ||
| 650 | 0 |
_aWorld history. _@0000152969 |
|
| 700 | 1 |
_aSpence, Jack. _@0000168445 |
|
| 852 | 1 | _9p4537 KES | |
| 908 | _a090213 | ||
| 950 | _@1 | ||
| 999 |
_c8221 _d8221 |
||